<?xml version='1.0' encoding='UTF-8'?>
  <record xmlns="http://www.loc.gov/MARC21/slim">
    <leader>00000cam a22000007i 4500</leader>
    <controlfield tag="001">ocm65553689</controlfield>
    <controlfield tag="003">OCoLC</controlfield>
    <controlfield tag="005">20251008151244.5</controlfield>
    <controlfield tag="008">900417s1878    ne            000 0 dut d</controlfield>
    <datafield tag="040" ind1=" " ind2=" ">
      <subfield code="a">NLGGC</subfield>
      <subfield code="b">dut</subfield>
      <subfield code="e">fobidrtb</subfield>
      <subfield code="c">NLGGC</subfield>
      <subfield code="d">OCLCO</subfield>
      <subfield code="d">OCLCL</subfield>
      <subfield code="d">OCLCQ</subfield>
    </datafield>
    <datafield tag="029" ind1="0" ind2=" ">
      <subfield code="a">NLGGC</subfield>
      <subfield code="b">083210814</subfield>
    </datafield>
    <datafield tag="029" ind1="1" ind2=" ">
      <subfield code="a">NLGGC</subfield>
      <subfield code="b">199627118</subfield>
    </datafield>
    <datafield tag="035" ind1=" " ind2=" ">
      <subfield code="a">(OCoLC)65553689</subfield>
    </datafield>
    <datafield tag="100" ind1="1" ind2=" ">
      <subfield code="a">Wanning, Johannes,</subfield>
      <subfield code="d">1537-1603.</subfield>
      <subfield code="1">https://id.oclc.org/worldcat/entity/E39PBJvmQmK3mBpBcj3vG3vGpP</subfield>
    </datafield>
    <datafield tag="245" ind1="1" ind2="0">
      <subfield code="a">Bloemlezing uit de 52 Sententiae van Johannes Wanning (1584) /</subfield>
      <subfield code="c">bewerkt door Robert Eitner ; [met inleiding van W.F. Loman en Robert Eitner].</subfield>
    </datafield>
    <datafield tag="260" ind1=" " ind2=" ">
      <subfield code="a">Amsterdam :</subfield>
      <subfield code="b">Roothaan,</subfield>
      <subfield code="c">1878.</subfield>
    </datafield>
    <datafield tag="300" ind1=" " ind2=" ">
      <subfield code="a">[6] p. (tekst) + 40 p. (muziek) :</subfield>
      <subfield code="b">muz. ;</subfield>
      <subfield code="c">28 cm. +</subfield>
      <subfield code="e">Partijen.</subfield>
    </datafield>
    <datafield tag="336" ind1=" " ind2=" ">
      <subfield code="a">tekst</subfield>
      <subfield code="b">txt</subfield>
      <subfield code="2">rdacontent/dut</subfield>
    </datafield>
    <datafield tag="337" ind1=" " ind2=" ">
      <subfield code="a">zonder medium</subfield>
      <subfield code="b">n</subfield>
      <subfield code="2">rdamedia/dut</subfield>
    </datafield>
    <datafield tag="338" ind1=" " ind2=" ">
      <subfield code="a">band</subfield>
      <subfield code="b">nc</subfield>
      <subfield code="2">rdacarrier/dut</subfield>
    </datafield>
    <datafield tag="490" ind1="1" ind2=" ">
      <subfield code="a">Uitgave van oudere Noord-Nederlandsche meesterwerken / Maatschappij tot Bevordering der Toonkunst, Vereeniging voor Nederlands Muziekgeschiedenis ;</subfield>
      <subfield code="v">8</subfield>
    </datafield>
    <datafield tag="500" ind1=" " ind2=" ">
      <subfield code="a">Aan de kop van de titelp.: Maatschappij tot bevordering der Toonkunst en Vereeniging voor Nederlands Muziekgeschiedenis.</subfield>
    </datafield>
    <datafield tag="500" ind1=" " ind2=" ">
      <subfield code="a">Voor gemengd koor.</subfield>
    </datafield>
    <datafield tag="530" ind1=" " ind2=" ">
      <subfield code="a">Boek wordt verfilmd Metamorfoze UBU.</subfield>
    </datafield>
    <datafield tag="700" ind1="1" ind2=" ">
      <subfield code="a">Eitner, Rob.</subfield>
      <subfield code="q">(Robert),</subfield>
      <subfield code="d">1832-1905.</subfield>
      <subfield code="1">https://id.oclc.org/worldcat/entity/E39PBJxrYy8Ggg8MJBmvwbTbVC</subfield>
    </datafield>
    <datafield tag="700" ind1="1" ind2=" ">
      <subfield code="a">Loman, W.F.</subfield>
    </datafield>
    <datafield tag="830" ind1=" " ind2="0">
      <subfield code="a">Uitgave van oudere Noord-Nederlandsche meesterwerken ;</subfield>
      <subfield code="v">8.</subfield>
      <subfield code="w">(NL-LeOCL)044975538</subfield>
    </datafield>
    <datafield tag="936" ind1=" " ind2=" ">
      <subfield code="a">BATCHLOAD</subfield>
    </datafield>
  </record>